Statistics for 50 to 100 Most Common Italian Words (English to Italian)

Click here to take the quiz!

General Stats

  • This quiz has been taken 8 times
  • The average score is 30 of 50

Answer Stats

HintAnswer% Correct
homecasa
100%
biggrande
100%
largegrande
100%
handmano
100%
threetre
100%
high/tallalto
86%
alsoanche
86%
wellbene
86%
housecasa
86%
doesfa
86%
whyperche
86%
smallpiccolo
86%
herequi
86%
even/alsoanche
71%
animalanimale
71%
airaria
71%
needbisogno
71%
askchiedere
71%
I mustdevo
71%
endfine
71%
playgiocare
71%
readleggere
71%
mothermadre
71%
usnoi
71%
fatherpadre
71%
pointpunto
71%
landterra
71%
addaggiungere
57%
buildcostruire
57%
lightluce
57%
putmettere
57%
worldmondo
57%
earthterra
57%
nearvicino
57%
an actatto
43%
followseguire
43%
himselfse stesso
43%
a changecambiamento
29%
desiredesiderare
29%
againdi nuovo
29%
imageimmagine
29%
carryportare
29%
turned offspento
29%
kind (of thing)tipo
29%
provaretry
29%
he/she wente andato
14%
suchtale
14%
spell (words)compitare
0%
set (unchanging)fisso
0%
menmaschi
0%

Score Distribution

Percentile by Number Answered

Percent of People with Each Score

Your Score History

You have not taken this quiz